000 00636cab a2200217 4500
001 WB3339-11
008 090401t1997 xxu||||| |||| 00| 0 eng d
035 _a(Sirsi) u81309
041 _aeng
245 _aFirst PFI deal by local authority
260 _c1997
350 _a0
490 _aFinancial Times
_v4 October 1997, 6(1)
520 _aThe first PFI deal by a local authority has been launched to provide a paperless office for Harrow LBC.
650 _aLOCAL AUTHORITIES
650 _aPATHFINDER PROJECTS
650 _aPFI
690 _aPROPERTY-PROPERTY FINANCE AND INVESTMENT
942 _n0
948 _c07/10/1997
999 _c51230
_d51230